[Event "Duitama op 9th"]
[Site "Duitama"]
[Date "2013.01.04"]
[Round "2"]
[White "Corredor Sanchez, Fabian Ricardo"]
[Black "Morantes Maldonado, Hans Mateo"]
[Result "1-0"]
[WhiteElo "2029"]
[BlackElo "1828"]
[PlyCount "63"]
[EventDate "2013.01.03"]
[EventType "swiss"]
[EventRounds "7"]
[EventCountry "COL"]
[SourceTitle "CBM 152 Extra"]
[Source "ChessBase"]
[SourceDate "2013.02.25"]
[SourceVersion "1"]
[SourceVersionDate "2013.02.25"]
[SourceQuality "1"]

1. e4 c5 2. Nf3 e6 3. d4 cxd4 4. Nxd4 a6 5. g3 Qc7 6. Bg2 Nf6 7. 0-0 Nc6 8. Nc3 d6 9. a4 Be7 10. f4 b6 11. Nb3 Bb7 12. Qe2 0-0 13. g4 Nd7 14. f5 Nce5 15. g5 exf5 16. Rxf5 Ng6 17. Be3 Nde5 18. Nd5 Bxd5 19. exd5 Nc4 20. Bd4 Rfe8 21. Qf2 Bf8 22. h4 Nge5 23. Qg3 Be7 24. Raf1 Rf8 25. Bc3 Rae8 26. Nd4 Nd7 27. R5f4 Bd8 28. Nf5 Nce5 29. h5 g6 30. Nh6+ Kg7 31. Rxf7+ Rxf7 32. Rxf7+ 1-0

[Event "Central Region-ch U12"]
[Site "Villavicencio"]
[Date "2012.05.20"]
[Round "4.5"]
[White "Castro, Alison Gisell"]
[Black "Morantes Maldonado, Hans Mateo"]
[Result "1-0"]
[WhiteElo "1537"]
[BlackElo "1828"]
[PlyCount "63"]
[EventDate "2012.05.18"]
[EventType "swiss"]
[EventRounds "6"]
[EventCountry "COL"]
[SourceTitle "EXT 2024"]
[Source "ChessBase"]
[SourceDate "2023.10.10"]
[SourceVersion "1"]
[SourceVersionDate "2023.10.10"]
[SourceQuality "1"]

1. e4 c5 2. Nf3 e6 3. d4 cxd4 4. Nxd4 a6 5. Nc3 Qc7 6. a3 d6 7. Bd3 Be7 8. Be3 Bd7 9. Qd2 Nf6 10. h3 Nc6 11. Nf3 h6 12. 0-0-0 b5 13. Ne2 Na5 14. Qc3 Qxc3 15. Nxc3 0-0 16. g4 Nh7 17. h4 f6 18. Nd2 Bc6 19. Rhg1 g5 20. hxg5 fxg5 21. Rdf1 e5 22. Rh1 Rf6 23. Rh2 Kg7 24. Nd5 Re6 25. Rfh1 Bxd5 26. exd5 Rf6 27. Bxh7 Kxh7 28. Bxg5 Rg6 29. Bxe7 Ra7 30. Bd8 Nb7 31. Bb6 Ra8 32. Be3 1-0

[Event "Central Region-ch U12"]
[Site "Villavicencio"]
[Date "2012.05.19"]
[Round "3.2"]
[White "Morantes Maldonado, Hans Mateo"]
[Black "Gamboa Giraldo, Juan Esteban"]
[Result "1/2-1/2"]
[WhiteElo "1828"]
[BlackElo "1712"]
[PlyCount "62"]
[EventDate "2012.05.18"]
[EventType "swiss"]
[EventRounds "6"]
[EventCountry "COL"]
[SourceTitle "EXT 2024"]
[Source "ChessBase"]
[SourceDate "2023.10.10"]
[SourceVersion "1"]
[SourceVersionDate "2023.10.10"]
[SourceQuality "1"]

1. e4 e5 2. Nf3 Nc6 3. Bb5 a6 4. Ba4 Nf6 5. d3 d6 6. c3 b5 7. Bb3 Be7 8. 0-0 0-0 9. Re1 Bg4 10. Nbd2 d5 11. Nf1 d4 12. h3 Bh5 13. Ng3 Bg6 14. cxd4 Nxd4 15. Nxd4 Qxd4 16. Bc2 Bb4 17. Re3 Rad8 18. Rb1 c5 19. Bd2 Bxd2 20. Qxd2 c4 21. b3 Bxe4 22. Nxe4 Nxe4 23. Qe1 Nc3 24. Ra1 f6 25. dxc4 b4 26. Rd3 Qb6 27. a3 a5 28. axb4 axb4 29. Qd2 Rxd3 30. Qxd3 Rd8 31. Qxh7+ Kf8 1/2-1/2

[Event "Duitama Primer de la Manta Real"]
[Site "Duitama"]
[Date "2012.01.03"]
[Round "3.1"]
[White "Morantes Maldonado, Hans Mateo"]
[Black "Nieto, Manuel Valerio Wald"]
[Result "0-1"]
[WhiteElo "1925"]
[BlackElo "1903"]
[PlyCount "116"]
[EventDate "2012.01.02"]
[EventType "tourn"]
[EventRounds "9"]
[EventCountry "COL"]
[SourceTitle "EXT 2024"]
[Source "ChessBase"]
[SourceDate "2023.10.10"]
[SourceVersion "1"]
[SourceVersionDate "2023.10.10"]
[SourceQuality "1"]

1. e4 d5 2. exd5 Qxd5 3. Nc3 Qd6 4. Nf3 Nf6 5. d4 c6 6. Bd3 Bg4 7. Be3 e6 8. h3 Bh5 9. Be2 Nbd7 10. Qd2 Qc7 11. 0-0 Bd6 12. Ng5 Bxe2 13. Qxe2 0-0 14. Nge4 Rad8 15. Nxd6 Qxd6 16. a3 h6 17. b4 Nb6 18. Rad1 Nbd5 19. Bd2 Nxc3 20. Bxc3 Nd5 21. Bb2 Rd7 22. c4 Nf4 23. Qe5 Qxe5 24. dxe5 Rfd8 25. Rxd7 Rxd7 26. Re1 Rd2 27. Bc1 Ne2+ 28. Kf1 Nxc1 29. Rxc1 Rd3 30. Ra1 b6 31. c5 bxc5 32. bxc5 Rc3 33. Ke2 Rxc5 34. f4 Rc2+ 35. Kf3 c5 36. Kg4 c4 37. g3 c3 38. Rb1 Rb2 39. Rc1 c2 40. Kf3 Rb3+ 41. Kf2 Rc3 42. a4 Kh7 43. g4 Kg6 44. h4 h5 45. gxh5+ Kxh5 46. Ke2 Kxh4 47. Kd2 Rc8 48. Rxc2 Rxc2+ 49. Kxc2 Kg4 50. Kc3 Kxf4 51. Kc4 g5 52. Kb5 g4 53. Ka6 g3 54. Kxa7 g2 55. Kb7 g1Q 56. a5 Kxe5 57. a6 Kd6 58. a7 Qg2+ 0-1

[Event "COL-ch School U11"]
[Site "Neiva"]
[Date "2010.03.18"]
[Round "4.1"]
[White "Morantes Maldonado, Hans Mateo"]
[Black "Lopez, Luis Alejandro"]
[Result "1/2-1/2"]
[WhiteElo "1970"]
[BlackElo "1902"]
[PlyCount "21"]
[EventDate "2010.03.17"]
[EventType "swiss"]
[EventRounds "8"]
[EventCountry "COL"]
[SourceTitle "EXT 2024"]
[Source "ChessBase"]
[SourceDate "2023.10.10"]
[SourceVersion "1"]
[SourceVersionDate "2023.10.10"]
[SourceQuality "1"]

1. e4 c5 2. Nf3 e6 3. d4 cxd4 4. Nxd4 a6 5. Nc3 Qc7 6. Bd3 Nf6 7. Qf3 Bb4 8. Bd2 0-0 9. Qe2 d5 10. e5 Nfd7 11. Qe3 1/2-1/2

[Event "COL-ch U10"]
[Site "Medellin"]
[Date "2009.12.16"]
[Round "3"]
[White "Munoz, Juan David"]
[Black "Morantes Maldonado, Hans Mateo"]
[Result "1/2-1/2"]
[WhiteElo "1578"]
[BlackElo "1970"]
[PlyCount "49"]
[EventDate "2009.12.15"]
[EventType "swiss"]
[EventRounds "7"]
[EventCountry "COL"]
[SourceTitle "EXT 2024"]
[Source "ChessBase"]
[SourceDate "2023.10.10"]
[SourceVersion "1"]
[SourceVersionDate "2023.10.10"]
[SourceQuality "1"]

1. e4 c5 2. Nf3 e6 3. d4 cxd4 4. Nxd4 a6 5. Nc3 Qc7 6. Be2 b5 7. 0-0 Bd6 8. f4 Qb6 9. Kh1 Bb7 10. a3 Ne7 11. b4 e5 12. Nb3 exf4 13. Bxf4 Bxf4 14. Rxf4 Qc7 15. Qd2 0-0 16. Raf1 Ng6 17. R4f2 d6 18. Nd5 Bxd5 19. Qxd5 Ra7 20. Nd4 Qe7 21. Bg4 Qe5 22. Ne6 Re8 23. Qxe5 Nxe5 24. Bh3 Rae7 25. Nd4 1/2-1/2

[Event "Pan American-ch Schools U09"]
[Site "Columbia"]
[Date "2009.10.08"]
[Round "4"]
[White "Morantes Maldonado, Hans Mateo"]
[Black "Quinonez Garcia, Santiago"]
[Result "0-1"]
[WhiteElo "1998"]
[BlackElo "1891"]
[PlyCount "110"]
[EventDate "2009.10.07"]
[EventType "rapid"]
[EventRounds "7"]
[EventCountry "COL"]
[SourceTitle "CBM 132 Extra"]
[Source "ChessBase"]
[SourceDate "2009.11.03"]
[SourceVersion "1"]
[SourceVersionDate "2009.11.03"]
[SourceQuality "1"]

1. e4 c5 2. Nf3 d6 3. d4 cxd4 4. Nxd4 Nf6 5. Nc3 g6 6. Bd3 Bg7 7. f3 0-0 8. Be3 Nc6 9. Nb3 Be6 10. Qd2 Rc8 11. Bh6 Ne5 12. Be2 Nc4 13. Bxc4 Rxc4 14. Nd4 Bd7 15. Bxg7 Kxg7 16. Qd3 Qc7 17. g4 Rc8 18. h4 h6 19. h5 g5 20. Nf5+ Bxf5 21. exf5 a6 22. Rc1 Qb6 23. Kd2 Qxb2 24. Ne2 Qxa2 25. Qb3 Qxb3 26. cxb3 Rxc1 27. Rxc1 Rxc1 28. Kxc1 Kf8 29. Kb2 Ke8 30. Ka3 Kd7 31. Ka4 b6 32. Nd4 Nd5 33. b4 Nc3+ 34. Kb3 Nb5 35. Nxb5 axb5 36. Kc3 e5 37. Kd3 f6 38. Ke4 d5+ 39. Ke3 d4+ 40. Ke4 Kd6 41. f4 exf4 42. Kxd4 f3 43. Ke3 Ke5 44. Kxf3 Kd4 45. Ke2 Ke4 46. Kd2 Kf4 47. Kd3 Kxg4 48. Kd4 Kxf5 49. Kd5 g4 50. Kc6 g3 51. Kxb6 g2 52. Kxb5 g1Q 53. Ka6 Qb1 54. b5 Kg5 55. b6 f5 0-1

[Event "Pan American-ch Schools U09"]
[Site "Columbia"]
[Date "2009.10.08"]
[Round "3"]
[White "Vilca Paredes, Javier"]
[Black "Morantes Maldonado, Hans Mateo"]
[Result "0-1"]
[WhiteElo "1527"]
[BlackElo "1998"]
[PlyCount "31"]
[EventDate "2009.10.07"]
[EventType "rapid"]
[EventRounds "7"]
[EventCountry "COL"]
[SourceTitle "CBM 132 Extra"]
[Source "ChessBase"]
[SourceDate "2009.11.03"]
[SourceVersion "1"]
[SourceVersionDate "2009.11.03"]
[SourceQuality "1"]

1. e4 c5 2. Nf3 e6 3. d4 cxd4 4. Nxd4 a6 5. Nc3 Qc7 6. f3 Nf6 7. Be3 Bb4 8. Qd2 d5 9. exd5 Nxd5 10. Nde2 Nxe3 11. Qxe3 0-0 12. 0-0-0 Bc5 13. Qf4 Qxf4+ 14. Nxf4 Be3+ 15. Kb1 Bxf4 16. Rd3 0-1

[Event "Calima Elite U08/10"]
[Site "Calima"]
[Date "2009.09.09"]
[Round "6.4"]
[White "Renteria, Alejandro"]
[Black "Morantes Maldonado, Hans Mateo"]
[Result "1/2-1/2"]
[WhiteElo "1604"]
[BlackElo "1998"]
[PlyCount "56"]
[EventDate "2009.09.08"]
[EventType "swiss"]
[EventRounds "9"]
[EventCountry "COL"]
[SourceTitle "EXT 2024"]
[Source "ChessBase"]
[SourceDate "2023.10.10"]
[SourceVersion "1"]
[SourceVersionDate "2023.10.10"]
[SourceQuality "1"]

1. e4 c5 2. Nf3 e6 3. d3 Nc6 4. g3 d6 5. Bg2 Nf6 6. Nbd2 Be7 7. 0-0 0-0 8. Re1 e5 9. h4 Bg4 10. Nf1 Qc8 11. N1h2 Bh3 12. Bxh3 Qxh3 13. Ng5 Qd7 14. Qe2 Nd4 15. Qf1 Nxc2 16. Bd2 Nxa1 17. Rxa1 h6 18. Ngf3 a6 19. Bc3 b5 20. a3 a5 21. Be1 b4 22. a4 Rfc8 23. b3 Ng4 24. Nxg4 Qxg4 25. Nd2 Rcb8 26. Nc4 Qd7 27. Ne3 f6 28. Nd5 Bd8 1/2-1/2

[Event "Calima Elite U08/10"]
[Site "Calima"]
[Date "2009.09.08"]
[Round "3.2"]
[White "Morantes Maldonado, Hans Mateo"]
[Black "Pabon Sarmiento, Juan Pablo"]
[Result "1/2-1/2"]
[WhiteElo "1998"]
[BlackElo "2005"]
[PlyCount "53"]
[EventDate "2009.09.08"]
[EventType "swiss"]
[EventRounds "9"]
[EventCountry "COL"]
[SourceTitle "EXT 2024"]
[Source "ChessBase"]
[SourceDate "2023.10.10"]
[SourceVersion "1"]
[SourceVersionDate "2023.10.10"]
[SourceQuality "1"]

1. e4 c5 2. Nf3 d6 3. Nc3 Nc6 4. d4 cxd4 5. Nxd4 Nf6 6. Nb3 e6 7. Be3 Qc7 8. f3 h6 9. Qd2 Bd7 10. 0-0-0 0-0-0 11. Nb5 Qb8 12. Qc3 a6 13. N5d4 d5 14. Nxc6 Bxc6 15. Na5 dxe4 16. Nxc6 Rxd1+ 17. Kxd1 bxc6 18. Qxc6+ Kd8 19. Bb6+ Ke7 20. Bxa6 Nd5 21. Bd4 Nb4 22. Bc5+ Kf6 23. Bxb4 Qxb4 24. Kc1 e3 25. Qc3+ Qxc3 26. bxc3 Bc5 27. Bd3 1/2-1/2

[Event "COL-ch U10"]
[Site "Manizales"]
[Date "2009.01.08"]
[Round "1.9"]
[White "Morantes Maldonado, Hans Mateo"]
[Black "Hernandez, Yeison Steven"]
[Result "1-0"]
[WhiteElo "1665"]
[BlackElo "1350"]
[PlyCount "72"]
[EventDate "2009.01.08"]
[EventType "swiss"]
[EventRounds "7"]
[EventCountry "COL"]
[SourceTitle "EXT 2024"]
[Source "ChessBase"]
[SourceDate "2023.10.10"]
[SourceVersion "1"]
[SourceVersionDate "2023.10.10"]
[SourceQuality "1"]

1. e4 e5 2. Nf3 Nc6 3. Bc4 Nf6 4. Ng5 d5 5. exd5 Nxd5 6. Nxf7 Kxf7 7. Qf3+ Ke6 8. Nc3 Nce7 9. 0-0 c6 10. Qg4+ Kf7 11. Qh5+ g6 12. Qxe5 Bg7 13. Qf4+ Ke8 14. Qf3 Rf8 15. Qe4 Nf6 16. Qe5 Nh5 17. Qe3 Qd4 18. Qe2 Qd8 19. Re1 Bf6 20. d3 b5 21. Bb3 Nf4 22. Bxf4 b4 23. Na4 Ba6 24. Nc5 Bc8 25. Rab1 Bxb2 26. Rxb2 Rxf4 27. Be6 Qd6 28. Bxc8 Rxc8 29. Ne6 Rh4 30. h3 Rh6 31. Qe3 g5 32. Nxg5 Rg6 33. Ne4 Qe5 34. Qxa7 Qxb2 35. Nd6+ Kd8 36. Nf7+ Ke8 1-0